000
00326nam a22001457a 4500
008
230208b ||||| |||| 00| 0 eng d
020
_a
9780470530672
041
_a
eng
080
_2
THIRD EDITION
_a
51
082
_a
51POW
100
_a
20
101
_a
MATEM
245
_a
MANAGEMENT SCIENCE
_c
POWELL.G.S
942
_2
udc
_c
BK
999
_c
59337
_d
59337